<?xml version="1.0" encoding="UTF-8"?>
<marc:record xmlns:marc="http://www.loc.gov/MARC21/slim">
   <marc:leader>00000nam a2200000 a 4500</marc:leader>
   <marc:datafield ind1="1" ind2=" " tag="100">
      <marc:subfield code="a">Sachs, Wolfgang</marc:subfield>
      <marc:subfield code="4">aut</marc:subfield>
      <marc:subfield code="e">Verfasser/-in</marc:subfield>
   </marc:datafield>
   <marc:datafield ind1=" " ind2=" " tag="653">
      <marc:subfield code="a">Franziskus</marc:subfield>
   </marc:datafield>
   <marc:datafield ind1=" " ind2=" " tag="653">
      <marc:subfield code="a">Antikapitalismus</marc:subfield>
   </marc:datafield>
   <marc:datafield ind1=" " ind2=" " tag="653">
      <marc:subfield code="a">Umweltethik</marc:subfield>
   </marc:datafield>
   <marc:datafield ind1=" " ind2=" " tag="653">
      <marc:subfield code="a">Katholische Soziallehre</marc:subfield>
   </marc:datafield>
   <marc:datafield ind1=" " ind2=" " tag="653">
      <marc:subfield code="a">Softcover / Religion</marc:subfield>
   </marc:datafield>
   <marc:datafield ind1=" " ind2=" " tag="653">
      <marc:subfield code="a">Theologie/Christentum</marc:subfield>
   </marc:datafield>
   <marc:datafield ind1=" " ind2=" " tag="653">
      <marc:subfield code="a">Klimagerechtigkeit</marc:subfield>
   </marc:datafield>
   <marc:datafield ind1=" " ind2=" " tag="653">
      <marc:subfield code="a">Kirche</marc:subfield>
   </marc:datafield>
   <marc:datafield ind1=" " ind2=" " tag="653">
      <marc:subfield code="a">Kapitalismuskritik</marc:subfield>
   </marc:datafield>
   <marc:datafield ind1=" " ind2=" " tag="653">
      <marc:subfield code="a">Papst Franziskus</marc:subfield>
   </marc:datafield>
   <marc:datafield ind1=" " ind2=" " tag="653">
      <marc:subfield code="a">Globaler Süden</marc:subfield>
   </marc:datafield>
   <marc:datafield ind1="0" ind2="0" tag="245">
      <marc:subfield code="a">Ein frommer Antikapitalist</marc:subfield>
   </marc:datafield>
   <marc:datafield ind1="0" ind2="0" tag="245">
      <marc:subfield code="b">das sozial-ökologische Erbe von Papst Franziskus - zwischen Tradition und Gesellschaftskritik</marc:subfield>
   </marc:datafield>
   <marc:datafield ind1="0" ind2="0" tag="245">
      <marc:subfield code="c">Wolfgang Sachs</marc:subfield>
   </marc:datafield>
   <marc:datafield ind1=" " ind2="1" tag="264">
      <marc:subfield code="a">München</marc:subfield>
      <marc:subfield code="b">oekom</marc:subfield>
      <marc:subfield code="c">2025</marc:subfield>
   </marc:datafield>
   <marc:datafield ind1="1" ind2=" " tag="520">
      <marc:subfield code="a">Papst Franziskus war ein besonderer Papst. Aus dem Globalen Süden kommend, rückte er die Armen und Machtlosen, also die Hälfte der Weltbevölkerung, ins Zentrum seiner kirchlichen Verkündigung. Mit der Enzyklika Laudato si’ setzte er Maßstäbe für eine sozialökologische Kirche und wurde zu einer moralischen Stimme der globalen Klimabewegung. Zugleich blieb er in Fragen der Familienmoral auf traditionelle Positionen festgelegt, hielt jedoch Distanz zu christdemokratischen Parteien, denen es an glaubwürdigen Leitlinien für Gerechtigkeit und Erdpolitik mangelte.

Dieses Buch beleuchtet das sozialökologische Erbe von Franziskus aus umweltsoziologischer Perspektive und richtet den Blick auf seinen Nachfolger Leo XIV. Wird er den Weg fortsetzen und sich als Anwalt der Mittellosen und der Natur erweisen? Oder lässt sein Pontifikat zu, dass ein kultureller Rechtsruck die Stimmen der Armen und die Sorge um die Erde übertönt? Unter all den Streitfragen, mit denen er konfrontiert ist, wird auch diese darüber bestimmen, wie die Geschichtsschreibung dereinst seine Amtsführung beurteilen wird.
</marc:subfield>
   </marc:datafield>
   <marc:datafield ind1=" " ind2=" " tag="020">
      <marc:subfield code="a">9783987265020</marc:subfield>
      <marc:subfield code="9">9783987265020</marc:subfield>
   </marc:datafield>
   <marc:datafield ind1=" " ind2=" " tag="020">
      <marc:subfield code="a">3987265027</marc:subfield>
      <marc:subfield code="9">3987265027</marc:subfield>
   </marc:datafield>
   <marc:datafield ind1=" " ind2=" " tag="041">
      <marc:subfield code="a">ger</marc:subfield>
   </marc:datafield>
   <marc:datafield ind1=" " ind2=" " tag="300">
      <marc:subfield code="a">89 Seiten</marc:subfield>
   </marc:datafield>
</marc:record>
